Hunger games (Record no. 17537)
[ view plain ]
| 000 -LEADER | |
|---|---|
| fixed length control field | 01047nam a22001457a 4500 |
| 008 - FIXED-LENGTH DATA ELEMENTS--GENERAL INFORMATION | |
| fixed length control field | 120822s 2012 frmul b 002 |
| 082 04 - DEWEY DECIMAL CLASSIFICATION NUMBER | |
| Classification number | 791.43 |
| Item number | HUN |
| Edition number | 22 |
| 245 00 - TITLE STATEMENT | |
| Title | Hunger games |
| Medium | [videorecording] / |
| Statement of responsibility, etc | Gary Ross, réal., scénario ; Suzanne Collins, aut. adapté, scénario ; James Newton Howard, comp. ; Jennifer Lawrence, Josh Hutcherson, Liam Hemsworth... [et al.], act. |
| 260 ## - PUBLICATION, DISTRIBUTION, ETC. (IMPRINT) | |
| Place of publication, distribution, etc | [Paris] : |
| Name of publisher, distributor, etc | Touchstone Home Entertainment ; |
| Date of publication, distribution, etc | c2012. |
| 300 ## - PHYSICAL DESCRIPTION | |
| Extent | 2 DVD (2 h 16 min) : |
| Other physical details | sd., col. ; |
| Dimensions | 16/9. |
| 500 ## - GENERAL NOTE | |
| General note | Special features: Blood on the land: forging "King Arthur" : the making-of "King Arthur"; cast & filmmaker roundtable video commentary; deleted scenes with director commentary ; director audio commentary; "Knight vision" pop-up trivia track; "King Arthur" konami playable video game demo. |
| 508 ## - CREATION/PRODUCTION CREDITS NOTE | |
| Creation/production credits note | Director of photography, Slawomir Idziak ; editors, Conrad Buff, Jamie Pearson ; music, Hans Zimmer ; costume designer, Penny Rose ; production designer, Dan Weil. |
| 650 ## - SUBJECT ADDED ENTRY--TOPICAL TERM | |
| Topical term or geographic name as entry element | Games - |
| Form subdivision | Drama. |
| 9 (RLIN) | 33679 |
| 942 ## - ADDED ENTRY ELEMENTS (KOHA) | |
| Source of classification or shelving scheme | Dewey Decimal Classification |
| Item type | CD | DVD - Movie (NB) |
| Withdrawn status | Lost status | Source of classification or shelving scheme | Damaged status | Not for loan | Koha collection | Home library | Current library | Shelving location | Date acquired | Source of acquisition | Cost, normal purchase price | Serial Enumeration / chronology | Total Checkouts | Full call number | Barcode | Date last seen | Date last borrowed | Cost, replacement price | Koha item type |
|---|---|---|---|---|---|---|---|---|---|---|---|---|---|---|---|---|---|---|---|
| Dewey Decimal Classification | Baccah | Central Library | Central Library | Second Floor | 19/09/2013 | Purchase | 213.00 | 18080 | 5 | 791.43 HUN | 000028878 | 15/07/2025 | 21/04/2016 | 266.25 | CD | DVD - Movie (NB) |